|
|
|
|
| LEADER |
00000nam0a2200000 4500 |
| 001 |
286437 |
| 005 |
20231101235907.0 |
| 035 |
|
|
|a (RuTPU)RU\TPU\book\310748
|
| 090 |
|
|
|a 286437
|
| 100 |
|
|
|a 20150305d1985 k y0rusy50 ca
|
| 101 |
0 |
|
|a rus
|
| 102 |
|
|
|a RU
|
| 105 |
|
|
|a a z 001zy
|
| 200 |
1 |
|
|a Система контейнерной и пакетной доставки грузов в строительстве
|f М. П. Ряузов
|
| 210 |
|
|
|a Москва
|c Стройиздат
|d 1985
|
| 215 |
|
|
|a 200 с.
|c ил.
|
| 320 |
|
|
|a Библиогр.: с. 195-197
|
| 606 |
|
|
|a Строительные материалы
|x Перевозки
|2 stltpush
|3 (RuTPU)RU\TPU\subj\57477
|9 75337
|
| 610 |
1 |
|
|a грузы
|
| 610 |
1 |
|
|a контейнерная доставка
|
| 610 |
1 |
|
|a пакетная доставка
|
| 610 |
1 |
|
|a формирование
|
| 610 |
1 |
|
|a строительство
|
| 610 |
1 |
|
|a планирование
|
| 610 |
1 |
|
|a технические средства
|
| 610 |
1 |
|
|a требования
|
| 610 |
1 |
|
|a склады
|
| 610 |
1 |
|
|a перегрузочные пункты
|
| 610 |
1 |
|
|a погрузочно-разгрузочные работы
|
| 675 |
|
|
|a 69.055.004.3
|v 3
|
| 700 |
|
1 |
|a Ряузов
|b М. П.
|g Михаил Петрович
|
| 801 |
|
1 |
|a RU
|b 63413507
|c 20150305
|
| 801 |
|
2 |
|a RU
|b 63413507
|c 20180315
|g RCR
|
| 942 |
|
|
|c BK
|